000 00646nam a2200181 4500
999 _c16339
_d16339
008 211125b ||||| |||| 00| 0 eng d
022 _a0732-8435
082 _aDPer 657.05 C33 Apr - Sept 2016, v86 n4-9
100 _aKarl, Peter A., III
_943757
245 _a20 questions on the evolving role of tax-deferred annuities/
_cPeter A. Karl III and Kurt Kauffman.
260 _aNew York:
_bThe New York State Society of CPA,
_c©2016.
300 _av86 n9, pages 40-46:
_billustrations;
_c28 cm.
500 _aThe CPA Journal
650 _aAnnuities.
_95488
650 _aInvestments.
_943758
700 _aKauffman, K.
_943759
942 _2ddc
_cPER